|
|
|
|
| LEADER |
00000nam a2200000 i 4500 |
| 001 |
DIGFCE1258 |
| 003 |
NyNyDIG |
| 006 |
m o d |
| 007 |
cr ||||||||||| |
| 008 |
210202s2017 mx ob 000 0 spa d |
| 035 |
|
|
|a (OCoLC)1044865070
|
| 040 |
|
|
|a DGITA
|b eng
|e rda
|e pn
|c DGITA
|
| 020 |
|
|
|a 9786071654243
|q eBook
|q ePub
|
| 020 |
|
|
|z 9786071653970
|
| 043 |
|
|
|a nwcu---
|
| 050 |
1 |
4 |
|a KGN2919 ebook
|
| 245 |
0 |
3 |
|a El cambio constitucional en Cuba :
|b actores, instituciones y leyes de un proceso político /
|c Rafael Rojas [and 2 others] (coordinadores).
|
| 250 |
|
|
|a Primera edición electrónica
|
| 264 |
|
1 |
|a Ciudad de México :
|b Fondo de Cultura Económica,
|c 2017.
|
| 300 |
|
|
|a 1 online resource.
|
| 336 |
|
|
|a text
|b txt
|2 rdacontent
|
| 337 |
|
|
|a computer
|b c
|2 rdamedia
|
| 338 |
|
|
|a online resource
|b cr
|2 rdacarrier
|
| 347 |
|
|
|a text file
|2 rdaft
|
| 347 |
|
|
|b EPUB
|
| 490 |
1 |
|
|a Política y derecho
|
| 490 |
1 |
|
|a Sección de obras de política y derecho
|
| 504 |
|
|
|a Includes bibliographical references.
|
| 505 |
0 |
|
|a Del constitucionalismo republicano al autoritario en el siglo xx cubano / Carlos Manuel Rodríguez Arechavaleta -- La tradición constitucional hispanoamericana y el excepcionalismo cubano / Rafael Rojas -- La Constitución de la República de Cuba y los derechos humanos universales / Marlene Azor Hernández -- Constitucionalismo autocrático en Cuba : mito y realidad / Armando Chaguaceda -- Derecho del estado, participación cultural y parámetros / Yvon Grenier -- El nuevo postotalitarismo cubano : un balance del raulismo / Ramón I. Centeno -- Veinte años después (actores del cambio constitucional, retrospectiva y escenarios futuros) / Velia Cecilia Bobes -- La cuestión constitucional en Cuba : una discusión sociológica / Haroldo Dilla Alfonso.
|
| 588 |
0 |
|
|a Online resource; title from ePub title page (Digitalia, viewed February 2, 2021)
|
| 650 |
|
0 |
|a Constitutional history
|z Cuba.
|
| 650 |
|
0 |
|a Constitutional law
|z Cuba.
|
| 655 |
|
0 |
|a Electronic books.
|
| 700 |
1 |
|
|a Rojas, Rafael,
|d 1965-
|e editor.
|
| 791 |
2 |
|
|a Digitalia (Firm),
|e distributor.
|
| 793 |
0 |
|
|g Digitalia eBook Collection:
|a Fondo de Cultura Económica
|
| 776 |
0 |
8 |
|i Print version:
|t Cambio constitucional en Cuba.
|b Primera edición.
|d Ciudad de México : Fondo de Cultura Económica, 2017
|z 9786071653970
|w (DLC) 2018407772
|w (OCoLC)1023633645
|
| 830 |
|
0 |
|a Sección de obras de política y derecho.
|
| 856 |
4 |
0 |
|u https://digitalia.uam.elogim.com/a/64247/
|z Texto completo
|
| 910 |
|
|
|a Premium collection: 2021
|